Oligomere Proteine: A: Vergleichende Untersuchungen zu β-COP, einer Untereinheit des oligomeren "Coats" nicht-Clathrin-bedeckter Transportvesikel : B: eine Tabelle oligomerer Proteine
Gespeichert in:
MARC
| LEADER | 00000cam a2200000 c 4500 | ||
|---|---|---|---|
| 001 | 1100782834 | ||
| 003 | DE-627 | ||
| 005 | 20260128143559.0 | ||
| 007 | tu | ||
| 008 | 921120s1992 xx ||||| m 00| ||ger c | ||
| 035 | |a (DE-627)1100782834 | ||
| 035 | |a (DE-576)03078283X | ||
| 035 | |a (DE-599)BSZ03078283X | ||
| 035 | |a (OCoLC)1569774697 | ||
| 035 | |a (OCoLC)311589540 | ||
| 040 | |a DE-627 |b ger |c DE-627 |e rakwb | ||
| 041 | |a ger | ||
| 084 | |a 32 |2 sdnb | ||
| 100 | 1 | |a Ehret, Sabine M. |d 1963- |0 (DE-588)17254906X |0 (DE-627)697484955 |0 (DE-576)133409058 |4 aut | |
| 245 | 1 | 0 | |a Oligomere Proteine |b A: Vergleichende Untersuchungen zu β-COP, einer Untereinheit des oligomeren "Coats" nicht-Clathrin-bedeckter Transportvesikel : B: eine Tabelle oligomerer Proteine |c vorgelegt von Sabine M. Ehret |
| 246 | 3 | 0 | |a beta |
| 264 | 1 | |c 1992 | |
| 300 | |a IV, 145 S. |b Ill., graph. Darst. | ||
| 336 | |a Text |b txt |2 rdacontent | ||
| 337 | |a ohne Hilfsmittel zu benutzen |b n |2 rdamedia | ||
| 338 | |a Band |b nc |2 rdacarrier | ||
| 502 | |a Heidelberg, Univ., Diss., 1992 | ||
| 583 | 1 | |a Archivierung prüfen |c 20200919 |f DE-640 |z 3 |2 pdager | |
| 583 | 1 | |a Archivierung/Langzeitarchivierung gewährleistet |f DISS |x XA-DE-BW |2 pdager |5 DE-16 | |
| 655 | 7 | |a Hochschulschrift |0 (DE-588)4113937-9 |0 (DE-627)105825778 |0 (DE-576)209480580 |2 gnd-content | |
| 751 | |a Heidelberg |0 (DE-588)4023996-2 |0 (DE-627)106300814 |0 (DE-576)208952578 |4 uvp | ||
| 951 | |a BO | ||
| 992 | |a 20260122 | ||
| 993 | |a Thesis | ||
| 994 | |a 1992 | ||
| 998 | |g 17254906X |a Ehret, Sabine M. |m 17254906X:Ehret, Sabine M. |d 140000 |d 140001 |e 140000PE17254906X |e 140001PE17254906X |k 0/140000/ |k 1/140000/140001/ |p 1 |x j |y j | ||
| 999 | |a KXP-PPN1100782834 |e 4857445336 | ||
| BIB | |a Y | ||
| JSO | |a {"person":[{"role":"aut","given":"Sabine M.","family":"Ehret","display":"Ehret, Sabine M."}],"title":[{"subtitle":"A: Vergleichende Untersuchungen zu β-COP, einer Untereinheit des oligomeren \"Coats\" nicht-Clathrin-bedeckter Transportvesikel : B: eine Tabelle oligomerer Proteine","title":"Oligomere Proteine","title_sort":"Oligomere Proteine"}],"type":{"bibl":"thesis"},"language":["ger"],"physDesc":[{"extent":"IV, 145 S.","noteIll":"Ill., graph. Darst."}],"id":{"eki":["1100782834"]},"origin":[{"dateIssuedDisp":"1992","dateIssuedKey":"1992"}],"noteThesis":["Heidelberg, Univ., Diss., 1992"],"name":{"displayForm":["vorgelegt von Sabine M. Ehret"]},"recId":"1100782834"} | ||
| SRT | |a EHRETSABINOLIGOMEREP1992 | ||